| 000 | 00726nam a2200253Ia 4500 | ||
|---|---|---|---|
| 003 | OSt | ||
| 005 | 20220918202607.0 | ||
| 006 | a|||||r|||| 00| 0 | ||
| 007 | ta | ||
| 008 | 220917b |||||||| |||| 00| 0 eng d | ||
| 024 | _a102,420 | ||
| 037 | _cTextual | ||
| 040 |
_aARTS _cARTS _beng |
||
| 041 |
_2eng _aeng |
||
| 082 | _aV252:3(Q).M, M9 | ||
| 100 |
_aCole J R I _9104504 |
||
| 245 | 0 | _aRoots of North Indian Shricism in Iran and Iraq | |
| 260 |
_aDelhi _bOxford University Press _c1989 |
||
| 300 |
_axiv, 327p. _ccm. |
||
| 500 | _aBibliography p296--315; Includes Index; Glossary p291--295 | ||
| 650 | _aHISTORY | ||
| 942 |
_hV252:3(Q).M, M9 _cTEXL _2CC |
||
| 999 |
_c225874 _d225874 |
||